|
|
|
|
| LEADER |
00000nam0a2200000 4500 |
| 001 |
268642 |
| 005 |
20231031224209.0 |
| 010 |
|
|
|a 9785918840702
|
| 035 |
|
|
|a (RuTPU)RU\TPU\book\291793
|
| 090 |
|
|
|a 268642
|
| 100 |
|
|
|a 20140905d2015 km y0rusy50 ca
|
| 101 |
1 |
|
|a rus
|c eng
|
| 102 |
|
|
|a RU
|
| 105 |
|
|
|a a g 001zy
|
| 200 |
1 |
|
|a Основные процессы нефтехимии
|e справочник
|e пер. с англ.
|f под ред. Р. А. Мейерса
|
| 210 |
|
|
|a Санкт-Петербург
|c Профессия
|d 2015
|
| 215 |
|
|
|a 747 с.
|c ил.
|
| 320 |
|
|
|a Библиография в конце частей.
|
| 330 |
|
|
|a Подробно рассмотрены более 50 лицензионных технологий производства важнейших нефтехимических продуктов от крупнейших нефтехимических концернов и ведущих научных центров нефтехимической отрасли. Каждая технология реализована на практике и включает подробное описание процесса: технологическую схему, сведения об уникальных или ключевых элементах оборудования, химию и конструкцию установок, используемые катализаторы, свойства основных и побочных продуктов, безопасность процесса и его экономические показатели. Отдельные разделы книги посвящены мерам по улучшению экологических показателей работы технологических установок, снижению выбросов и отходов.Справочник предназначен для инженерно-технических работников предприятий нефтепереработки и нефтехимии, проектировщиков, научных сотрудников, преподавателей и студентов профильных специальностей.
|
| 606 |
1 |
|
|a Нефть
|x Химия
|2 stltpush
|3 (RuTPU)RU\TPU\subj\33709
|
| 610 |
1 |
|
|a уксусная кислота
|
| 610 |
1 |
|
|a анилин
|
| 610 |
1 |
|
|a бутадиен
|
| 610 |
1 |
|
|a экстракция
|
| 610 |
1 |
|
|a ацетилены
|
| 610 |
1 |
|
|a гидрирование
|
| 610 |
1 |
|
|a кумол
|
| 610 |
1 |
|
|a производство
|
| 610 |
1 |
|
|a этилбензол
|
| 610 |
1 |
|
|a жидкофазные процессы
|
| 610 |
1 |
|
|a технология
|
| 610 |
1 |
|
|a этилен
|
| 610 |
1 |
|
|a метанол
|
| 610 |
1 |
|
|a спирты
|
| 610 |
1 |
|
|a получение
|
| 610 |
1 |
|
|a оксосинтез
|
| 610 |
1 |
|
|a фенол
|
| 610 |
1 |
|
|a ацетон
|
| 610 |
1 |
|
|a пропилен
|
| 610 |
1 |
|
|a легкие олефины
|
| 610 |
1 |
|
|a терефталевая кислота
|
| 610 |
1 |
|
|a ксилолы
|
| 610 |
1 |
|
|a полиэтилен
|
| 610 |
1 |
|
|a сополимеры
|
| 610 |
1 |
|
|a полиэтилентерефталат
|
| 610 |
1 |
|
|a полипропилен
|
| 610 |
1 |
|
|a полистирол
|
| 610 |
1 |
|
|a винилхлорид
|
| 610 |
1 |
|
|a поливинилхлорид
|
| 610 |
1 |
|
|a справочники
|
| 675 |
|
|
|a 665.6(035)
|v 3
|
| 702 |
|
1 |
|a Мейерс
|b Р. А.
|g Роберт А.
|4 340
|
| 801 |
|
1 |
|a RU
|b 63413507
|c 20140905
|
| 801 |
|
2 |
|a RU
|b 63413507
|c 20150617
|g RCR
|
| 900 |
|
|
|a Химия нефти и газа
|
| 942 |
|
|
|c BK
|
| 959 |
|
|
|a 126/20140905
|d 5
|e 0
|f ЧЗТЛ:1
|f АНЛ:1
|f УФ:3
|